Estatísticas para Futebol brasileiro (parte 1)

Clique aqui para jogar o quiz

Estatísticas Gerais

  • Esse quiz foi jogado 2 281 vezes
  • A pontuação média é 11 de 29

Estatísticas das Respostas

DicaResposta% Correto
Campeão da primeira edição do Campeonato Brasileiro por pontos corridos, em 2003Cruzeiro
81%
Maior artilheiro da história das Copas do MundoRonaldo
81%
Clube campeão brasileiro de 1995Botafogo
79%
Treinador campeão da Libertadores de 2013Cuca
72%
O nome do Palmeiras antes de sê-lo como atualmentePalestra Itália
66%
Campeões das Libertadores de 2005 e 2006, respectivamenteSão Paulo e Inter
62%
Eleito pela FIFA o melhor jogador do mundo de 1999Rivaldo
57%
Autor do gol do título mundial do Corinthians em 2012Paolo Guerrero
54%
Clube brasileiro finalista da Libertadores de 2002São Caetano
54%
Capitão da Seleção Brasileira na Copa do Mundo de 1970Carlos Alberto Torres
50%
Vice-campeão brasileiro de 1985Bangu
46%
Alcunha do jogo que, em 2005, sacramentou o retorno do Grêmio à Série A do BrasileirãoBatalha dos Aflitos
44%
Autor do terceiro gol do Brasil na disputa de pênaltis da final da Copa de 94Dunga
41%
Clube contra o qual Romário marcou seu milésimo golSport
35%
Ponta-de-lança que iniciou e encerrou a carreira no Botafogo e foi um dos heróis do Brasil na Copa de 70Jairzinho
34%
Zagueiro, campeão mundial em 1958 e 1962, inventor do gesto de levantar a taça de campeão acima da cabeçaBellini
33%
Trouxe o futebol para o BrasilCharles Miller
31%
Clube que revelou Ronaldo FenômenoSão Cristóvão
29%
Inventor do chute conhecido como "folha seca"Didi
25%
Artilheiro do Campeonato Brasileiro de 1971, pelo Atlético-MGDadá Maravilha
24%
Os dois clubes brasileiros (um de MG e outro do RN) que detêm a maior sequências de títulos estaduais (10)América-MG e ABC
19%
Clube potiguar que eliminou o Vasco da Copa do Brasil de 2005Baraúnas
18%
Clubes declarados campeões cariocas de 1907Botafogo e Fluminense
18%
Atacante brasileiro que, nas décadas de 50 e 60, fez história no Real Madrid e no BarcelonaEvaristo de Macedo
18%
Clube paraense campeão brasileiro da Série B em 1985 e da Série C em 1992Tuna Luso
17%
Vice-campeão da Taça Brasil de 1968Fortaleza
13%
Clube contra o qual o Botafogo aplicou a maior goleada do futebol brasileiro (24x0), em 1909Mangueira
13%
Os rivais que mais vezes realizaram um clássico no futebol brasileiroRemo e Paysandu
13%
Artilheiro do Campeonato Sul-Americano de 1919 apelidado de "El Tigre"Friedenreich
8%

Distribuição das Pontuações

Percentil de Números Respondidos

Porcentagem de Pessoas com Cada Pontuação

Sua Pontuação Histórica

Você não jogou esse quiz